01495nam a2200349 a 4500001001000000003000500010005001700015008004100032010001100073011001100084040000900095090001000104100004100114245016700155260004100322500006000363502008500423590004100508590004100549590004000590590004000630650003600670650001900706650003300725856007000758901000700828942001000835942000600845999001900851952013500870952014001005000108657CHAP20220329144020.0140303s2012 mx sm |||||||spa d a105119 a106091 cCHAP aTesis1 aOliva Miranda, Luis Martín912569410aElaboración de una bebida tipo horchata con harina de trigo integral pregelatinizada y su estudio de factibilidadh[En línea]cpor Luis Marín Oliva Miranda. aChapingo, Méx. :bEl autor,c2012. aPara ver el contenido del material haga clic en la liga aTesis (Ing. Agr. Esp. en Agroindustríal)-- UACH. Ingeniería Agroindustríal aBATCH-UPDb05c20140324lUCH01h1536 aBATCH-UPDb05c20141002lUCH01h0857 aE5765TAJb05c20140303lUCH01h0950 aE5765TAJb05c20140303lUCH01h095814aBebidasxElaboración.912570014aHarina.95267914aTrigoxSubproductos.9115105 aFinding aiduhttp://10.13.5.2/tesis/sist108657.pdfzTeclea aquí aBK cTESIS n0 c105119d105119 00102local4051708TESISaBCbBCcPA_TESISd2014-03-03fTESISl0oTesisp33724002358553r2019-12-31 00:00:00w2014-03-03yTESIS 00102local4053708TESISaBCbBCcPA_TESISd2014-03-03fTESISl0oTesisp33724002358595r2019-12-31 00:00:00tc.2w2019-12-31yTESIS